|
|
|
|
| LEADER |
00000nab a2200000 a 4500 |
| 001 |
vtls010451752 |
| 003 |
SK-MaSNL |
| 005 |
20260303093316.0 |
| 008 |
120920 2012 xo q 000 0 slo |
| 038 |
|
|
|a PPPK
|
| 040 |
|
|
|a PPPKCL
|b slo
|c PPPK
|e AACR2
|
| 041 |
0 |
|
|a slo
|
| 044 |
|
|
|a xo
|c SK
|
| 080 |
|
|
|a 796.325
|2 2001
|
| 100 |
1 |
|
|a Chripko, Gabriel
|4 aut
|9 1104331
|
| 245 |
1 |
0 |
|a Z futbalu
|c Gabriel Chripko ; foto Dominik Hudzík
|
| 300 |
|
|
|b Fotogr.
|
| 610 |
2 |
7 |
|a TJ Spišský Štiavnik
|2 pppkcl
|9 1090504
|
| 651 |
|
7 |
|a Spišský Štiavnik (Slovensko)
|2 pppkcl
|9 54533
|
| 651 |
|
7 |
|a Poprad (Slovensko : okres)
|2 pppkcl
|9 28675
|
| 700 |
1 |
|
|a Hudzík, Dominik
|4 pht
|9 425334
|
| 773 |
0 |
|
|t Obecný spravodajca : štvrťročník občanov Spišského Štiavnika
|g č. 3 (2012), s. 8
|
| 852 |
|
|
|a PPPK
|b KIS3GCP
|
| 999 |
|
|
|c 1815012
|d 1816942
|